000 00425nam a22001577a 4500
005 20260608145111.0
008 260608b |||||||| |||| 00| 0 eng d
041 _2ENGLISH
100 _aGREGERY C. STANCZK
245 _aVISUAL RESEARCH MELHODS IMAGE, SOCITY AND REPRESENTATION
250 _a2007
260 _aLONDON
_bSAGE PUBLICATION LOS ANGELES
_c1/12/2025
300 _aP-366
365 _b12407.30
942 _cBK
999 _c1222391
_d1222391